One Piece Personnages dont la Race n'est pas Humaine - Statistiques

Statistiques générales
  • Ce quiz a été pris 109 fois
    27 depuis la dernière actualisation
  • Le résultat moyen est 62 sur 259
Statistiques - réponses
Races Arc d'Apparition Réponse % Correct
Hommes-Poissons Arlong Park Arlong
95%
Hommes-Poissons Arlong Park Hatchan / Octy
90%
Lunarias Pays de Wano Arber (King)
70%
Géants Little Garden Brogy
70%
Minks Zou Carrot
70%
Hommes-Poissons Arlong Park Chew / Smack
70%
Géants Little Garden Dorry
70%
Sirènes Île des Hommes-Poissons Neptune
70%
Hommes-Poissons Impel Down Jinbe
65%
Buccaneers / Boucaniers Jaya Bartholomew Kuma
60%
Bilcans Skypiea Enel / Ener
60%
Mi-Géants Mi-Géants Antiques Dressrosa Hajrudin
60%
Hommes-Poissons Île des Hommes-Poissons Hody Jones
60%
Minks Zou Inuarashi
60%
Hommes-Poissons Arlong Park Kuroobi
60%
Mi-Géants Mi-Géants Antiques Whole Cake Island (Flashback) Loki
60%
Géants Antiques Triller Bark Oars / Oz
60%
Hommes-Poissons Île des Hommes-Poissons(Flashback) Fisher Tiger
55%
Hommes-Poissons Zou Jack
55%
Géants Enies Lobby (Flashback) Jaguar D. Saul / Haguar D. Sauro
55%
Nains Dressrosa Leo
55%
Minks Zou Nekomamushi
55%
Sirènes Île des Hommes-Poissons(Flashback) Otohime
55%
Minks Zou Pedro
55%
Shandias Skypiea Wyper
55%
Mi-Hommes Mi-Trois Yeux Île des Hommes-Poissons Charlotte Pudding
50%
Skypiens Skypiea Conis
50%
Sirènes Île des Hommes-Poissons Fukaboshi
50%
Géants Antiques Marine Ford Little Oars Jr. / Little Oz Jr.
50%
Lunarias / Buccaneers Artificiels Egg Head S-Bear
50%
Lunarias / Hommes-Poissons Artificiels Egg Head S-Shark
50%
Lunarias / Humains Artificiels Egg Head S-Snake
50%
Sirènes Archipel des Sabaody Camie
45%
Sirènes Water Seven Kokoro
45%
Sirènes Île des Hommes-Poissons Manboshi
45%
Géants Enies Lobby Oimo
45%
Minks Île des Hommes-Poissons Pekoms
45%
Sirènes Île des Hommes-Poissons Ryuboshi
45%
Lunarias / Humains Artificiels Egg Head S-Hawk
45%
Sirènes Île des Hommes-Poissons Shirahoshi
45%
Minks Zou Wanda
45%
Shandias Skypiea Aisa
40%
Minks Archipel des Sabaody Bepo
40%
Mi-Hommes Mi-Longues-Jambes Whole Cake Island Charlotte Smoothie
40%
Mi-Géants Mi-Géants Antiques Elbaph (Flashback) Harald
40%
Géants Whole Cake Island(Flashback) Jarul / Yarle
40%
Géants Logue Town John Giant
40%
Géants Whole Cake Island(Flashback) Jorul / Yorle
40%
Hommes-Poissons Pays de Wano Kawamatsu
40%
Nains Dressrosa Mansherry / Manshelly
40%
Longs-Bras Archipel des Sabaody Scratchmen Apoo
40%
Sirènes Île des Hommes-Poissons Shyarly
40%
Hommes-Poissons Water Seven (Flashback) Tom
40%
Bilcans Archipel des Sabaody Urouge
40%
Sirènes Île des Hommes-Poissons(Flashback) Aladine / Aladdin
35%
Semi-Tritons Dressrosa Dellinger
35%
Shandias Skypiea (Flashback) Kalgara
35%
Skypiens Skypiea Pagaya
35%
Shandias Skypiea Raki / Laki
35%
Yeti Punk Hazard Rock
35%
Yeti Punk Hazard Scotch
35%
Hommes-Poissons Île des Hommes-Poissons Wadatsumi
35%
Bilcans Skypiea Yama
35%
Nains Dressrosa Bian / Bee Anne
30%
Semi-Tritons Water Seven Chimney
30%
Hommes-Poissons Île des Hommes-Poissons Daruma
30%
Sirènes Île des Hommes-Poissons Den
30%
Hommes-Poissons Île des Hommes-Poissons Dosun
30%
Skypiens Skypiea Gan Fall / Gan Forr
30%
Hommes-Poissons Dressrosa Hack
30%
Sirènes Île des Hommes-Poissons Hyouzou / Hyôzô
30%
Longs-Bras Dressrosa Ideo
30%
Shandias Skypiea Kamakiri
30%
Hommes-Poissons Marine Ford Namur
30%
Bilcans Skypiea Satori
30%
Lunarias / Humains Artificiels Egg Head S-Crocodile
30%
Hommes-Poissons Île des Hommes-Poissons Vander Decken IX
30%
Minks Zou Bariete / Variété
25%
Wotans Long Ring Long Land Big Pan
25%
Minks Zou Blackback (BB)
25%
Longues-Jambes Dressrosa Blue Gilly
25%
Shandias Skypiea Braham
25%
Semi-Tritons Whole Cake Island Charlotte Praline
25%
Bilcans Skypiea Gedatsu
25%
Numbers Pays de Wano Hatcha
25%
Bilcans Skypiea Hotori
25%
Sirènes Île des Hommes-Poissons Ichika
25%
Hommes-Poissons Île des Hommes-Poissons Ikaros Much
25%
Nains Dressrosa Kabu
25%
Géants Enies Lobby Kashii
25%
Bilcans Skypiea Kotori
25%
Hommes-Poissons Archipel des Sabaody Macro
25%
Skypiens Skypiea McKinley
25%
Shandias Skypiea (Flashback) Mousse
25%
Sirènes Île des Hommes-Poissons Nika
25%
Bilcans Skypiea Ohm
25%
Hommes-Poissons Pays de Wano Sasaki
25%
Minks Zou Shishilian
25%
Bilcans Skypiea Shura
25%
Longues-Jambes Île des Hommes-Poissons Tamago
25%
Minks Zou Tristan / Tristane
25%
Sirènes Île des Hommes-Poissons Yonka
25%
Sirènes Île des Hommes-Poissons Yonka Two
25%
Hommes-Poissons Île des Hommes-Poissons Zeo
25%
Minks Whole Cake Island(Flashback) Zepo
25%
Skypiens Skypiea Amazon
20%
Buccaneers / Boucaniers Egg Head (Flashback) Bartholomew Clapp
20%
Hommes-Poissons Long Ring Long Land Capote / Kapoty
20%
Numbers Pays de Wano Fuga
20%
Nains Dressrosa Gancho
20%
Géants Whole Cake Island(Flashback) Gerd
20%
Géants Whole Cake Island(Flashback) Goldberg
20%
Hommes-Poissons Île des Hommes-Poissons Hammond
20%
Sirènes Île des Hommes-Poissons Ishilly
20%
Géants Marine Ford Lacroix
20%
Géants Elbaph Mag
20%
Minks Zou Milky
20%
Sirènes Île des Hommes-Poissons Ministre de la Droite
20%
Sirènes Île des Hommes-Poissons Ministre de la Gauche
20%
Minks Zou Miyagi / Lebouc
20%
Hommes-Poissons Arlong Park Pisaro
20%
Sirènes Île des Hommes-Poissons Poseidon
20%
Géants Elbaph Ripley
20%
Géants Whole Cake Island(Flashback) Road
20%
Sirènes Île des Hommes-Poissons Sanka
20%
Lunarias / Humains Artificiels Egg Head S-Flamingo
20%
Lunarias / Humains Artificiels Egg Head S-Gekko
20%
Géants Archipel des Sabaody Stansen
20%
Nains Dressrosa Wicca
20%
Sirènes Île des Hommes-Poissons Adele
15%
Nains Dressrosa Bomba
15%
Mi-Hommes Mi-Serpentins Whole Cake Island Charlotte Amande
15%
Mi-Hommes Mi-Longues-Jambes Whole Cake Island Charlotte Citron
15%
Mi-Hommes Mi-Longs-Bras Whole Cake Island Charlotte Myukuru
15%
Dosundadas Whole Cake Island Charlotte Normande
15%
Shandias Skypiea Chef des Shandias
15%
Shandias Skypiea (Flashback) Chiya
15%
Minks Zou Concelot
15%
Nains Dressrosa Cotton
15%
Longs-Bras Whole Cake Island Diesel
15%
Sirènes Île des Hommes-Poissons Fillonce
15%
Nains Dressrosa Flapper
15%
Shandias Skypiea Genbo
15%
Minks Zou Giovanni
15%
Hommes-Poissons Archipel des Sabaody Gyaro
15%
Shandias Skypiea (Flashback) Herb
15%
Nains Dressrosa Inhel
15%
Shandias Skypiea Isa
15%
Numbers Pays de Wano Juki
15%
Hommes-Poissons Île des Hommes-Poissons Junan
15%
Hommes-Poissons Arlong Park Kaneshiro
15%
Hommes-Poissons Île des Hommes-Poissons Kasagoba
15%
Géants Elbaph Kiba
15%
Géants Marine Ford Lonz / Ronse
15%
Sirènes Île des Hommes-Poissons Maria Napole
15%
Skypiens Skypiea Marilyn
15%
Shandias Skypiea Mayushika
15%
Skypiens Skypiea Mochi
15%
Géants Reverie Morley
15%
Skypiens Skypiea Moyle
15%
Hommes-Poissons Île des Hommes-Poissons Octopako
15%
Nains Dressrosa Rampo
15%
Minks Zou Roddy
15%
Numbers Pays de Wano Rokki
15%
Semi-Tritons Logue Town Sapi
15%
Hommes-Poissons Arlong Park Shioyaki
15%
Hommes-Poissons Pays de Wano (Flashback) Sunbell
15%
Hommes-Poissons Arlong Park Take
15%
Hommes-Poissons Archipel des Sabaody Tansui
15%
Shandias Skypiea Warashi
15%
Shandias Skypiea Yotsubane
15%
Numbers Pays de Wano Zanki
15%
Géants Elbaph Aegir
10%
Géants Elbaph Ange
10%
Hommes-Poissons Elbaph (Flashback) Barbel
10%
Nains Dressrosa Baxcon
10%
Géants Elbaph Bent
10%
Géants Egg Head | Elbaph Bjorn
10%
Géants Elbaph Blade
10%
Hommes-Poissons Île des Hommes-Poissons Blakey
10%
Nains Dressrosa Bobomba
10%
Nains Dressrosa Chao
10%
Mi-Hommes Mi-Longues-Jambes Whole Cake Island Charlotte Cinnamon
10%
Semi-Tritons Whole Cake Island Charlotte De-Chat
10%
Mi-Hommes Mi-Serpentins Whole Cake Island Charlotte Effilée
10%
Mi-Hommes Mi-Serpentins Whole Cake Island Charlotte Joscarpone
10%
Mi-Hommes Mi-Longs-Bras Whole Cake Island Charlotte Marble
10%
Mi-Hommes Mi-Serpentins Whole Cake Island Charlotte Mascarpone
10%
Mi-Hommes Mi-Longs-Bras Whole Cake Island Charlotte Mobile
10%
Mi-Hommes Mi-Serpentins Whole Cake Island Charlotte Mondée
10%
Semi-Tritons Whole Cake Island Charlotte Prim
10%
Nains Dressrosa Chicory
10%
Shandias Skypiea (Flashback) Coburn
10%
Mi-Hommes Mi-Géants Egg Head Colon
10%
Nains Dressrosa Daikon
10%
Nains Dressrosa Eikon
10%
Géants Elbaph (Flashback) Elbow
10%
Géants Elbaph (Flashback) Estrid / Astrid
10%
Minks Archipel des Sabaody Faust
10%
Longs-Bras Marine Ford (Flashback) Ganryu
10%
Bilcans Skypiea Gode
10%
Numbers Pays de Wano Goki
10%
Nains Dressrosa Grabar
10%
Sirènes Île des Hommes-Poissons Hiramera
10%
Géants Elbaph (Flashback) Ida
10%
Numbers Pays de Wano Inbi
10%
Numbers Pays de Wano Jaki
10%
Géants Elbaph Johanna
10%
Sirènes Île des Hommes-Poissons Kairen
10%
Géants Elbaph Karin
10%
Hommes-Poissons Marine Ford Karma
10%
Minks Zou Keith
10%
Numbers Pays de Wano Kunyun
10%
Minks Reverie Lindbergh
10%
Sirènes Île des Hommes-Poissons Lulis
10%
Géants Egg Head Mato
10%
Nains Dressrosa Maujii
10%
Sirènes Île des Hommes-Poissons Mero
10%
Sirènes Île des Hommes-Poissons Miles
10%
Minks Zou Monjii
10%
Numbers Pays de Wano Nangi
10%
Nains Dressrosa Nubon
10%
Géants Elbaph Olav
10%
Hommes-Poissons Île des Hommes-Poissons(Flashback) Papaneel
10%
Nains Dressrosa Pellini
10%
Géants Whole Cake Island(Flashback) Raideen
10%
Sirènes Pays de Wano (Flashback) Renona Topakka
10%
Géants Elbaph Ronja
10%
Longs-Bras Post Marine Ford Sancrin
10%
Géants Marine Ford Sanjuan Wolf
10%
Sirènes Île des Hommes-Poissons Seira
10%
Shandias Skypiea (Flashback) Seto
10%
Géants Egg Head Sig
10%
Géants Elbaph Skaldi
10%
Sirènes Île des Hommes-Poissons Sora
10%
Nains Dressrosa Tarara
10%
Géants Egg Head Thormann
10%
Hommes-Poissons Île des Hommes-Poissons Togare
10%
Skypiens Skypiea (Flashback) Ubau
10%
Géants Pays de Wano (Flashback) Urbain
10%
Minks Reverie Ushiano
10%
Hommes-Poissons Marine Ford (Flashback) Wallace
10%
Géants Elbaph Wolf
10%
Géants Elbaph Ylva
10%
Minks Zou Yomo
10%
Hommes-Poissons Île des Hommes-Poissons(Flashback) Zururin
10%
Sirènes Marine Ford (Flashback) Banshee
5%
Mi-Hommes Mi-Serpentins Whole Cake Island Charlotte Hachée
5%
Mi-Hommes Mi-Longs-Bras Whole Cake Island Charlotte Maple
5%
Mi-Hommes Mi-Serpentins Whole Cake Island Charlotte Wiro
5%
Géants Egg Head D. D. Tee
5%
Géants Whole Cake Island(Flashback) Eiri
5%
Géants Elbaph Gantonio
5%
Minks Pays de Wano (Flashback) Hitsugisukan
5%
Hommes-Poissons Île des Hommes-Poissons Jean Noueilles / Harisenbon
5%
Longs-Bras Dressrosa Joseph
5%
Minks SBS Nyornyo Nyarmani
5%
Géants Egg Head Rhodes
5%
Aucun quiz correspondant
Distribution des résultats
% des personnes avec chaque résultat
Percentile par nombre de réponses
Votre historique - résultats
Vous n’avez pas pris ce quiz depuis la dernière actualisation